书目信息 |
| 题名: |
决策
|
|
| 作者: | 约翰逊 著 ;王吉美 , 赖晓琳 译 | |
| 分册: | ||
| 出版信息: | 北京 中信出版集团股份有限公司 2023 |
|
| 页数: | 317页 | |
| 开本: | 21cm | |
| 丛书名: | ||
| 单 册: | ||
| 中图分类: | F069.9 | |
| 科图分类: | ||
| 主题词: | 行为经济学--研究 | |
| 电子资源: | ||
| ISBN: | 978-7-5217-5217-5 | |
| 000 | 01116nam0 2200277 450 | |
| 001 | 012344520 | |
| 005 | 20230627160956.0 | |
| 010 | @a978-7-5217-5217-5@b精装@dCNY79.00 | |
| 100 | @a20230531d2023 em y0chiy0120 ea | |
| 101 | 1 | @achi@ceng |
| 102 | @aCN@b110000 | |
| 105 | @aa z 000yy | |
| 106 | @ar | |
| 200 | 1 | @a决策@9jue ce@e做出正确选择的8个要素@dThe elements of choice@ewhy the way we decide matters@f(美)埃里克·约翰逊(Eric J. Johnson)著@g王吉美,赖晓琳译@zeng |
| 210 | @a北京@c中信出版集团股份有限公司@d2023 | |
| 215 | @a317页@c图@d21cm | |
| 330 | @a本书基于行为经济学中的经典理论,拆解选择架构中影响人们决策的因素。内容包括“塑造选择:什么影响了我的决策”“组合偏好:记忆如何被调取与操控”“架构目标:流畅性与正确性的考量”等。 | |
| 510 | 1 | @aElements of choice@ewhy the way we decide matters@zeng |
| 586 | @a | |
| 606 | 0 | @a行为经济学@x研究 |
| 690 | @aF069.9@v5 | |
| 701 | 0 | @c(美)@a约翰逊@9yue han xun@c(Johnson, Eric J.)@4著 |
| 702 | 0 | @a王吉美@9wang ji mei@c(女,@f1981~)@4译 |
| 702 | 0 | @a赖晓琳@9lai xiao lin@4译 |
| 801 | 0 | @aCN@c20230701 |
| 905 | @dF069.9@eY944@f1@sF069.9/Y944@S@Z | |
| 决策:做出正确选择的8个要素=The elements of choice:why the way we decide matters/(美)埃里克·约翰逊(Eric J. Johnson)著/王吉美,赖晓琳译.-北京:中信出版集团股份有限公司,2023 |
| 317页:图;21cm |
| ISBN 978-7-5217-5217-5(精装):CNY79.00 |
| 本书基于行为经济学中的经典理论,拆解选择架构中影响人们决策的因素。内容包括“塑造选择:什么影响了我的决策”“组合偏好:记忆如何被调取与操控”“架构目标:流畅性与正确性的考量”等。 |
| ● |
| 相关链接 |
|
|
|
正题名:决策
索取号:F069.9/Y944
 
预约/预借
| 序号 | 登录号 | 条形码 | 馆藏地/架位号 | 状态 | 备注 |
| 1 | 21620296 | 216202963 | 社科库409/409社科库 65排4列2层/ [索取号:F069.9/Y944] | 在馆 |